Moja krásna ružová kabelka plná samolepiek

Bibliographic Details
Other Authors: Scollen, Chris (Illustrator), Stratford, Charlotte (Illustrator), Piskurová, Mária (Translator)
Format: Book
Language:Slovak
English
PhysicalDescription:[40] s. ilustr. 28 cm samolepky ([8] l.)
Published: Bratislava Svojtka & Co. 2011
ISBN:9788081073632
Edition:1. slov. vyd.
Subjects:

MARC

LEADER 00000nam a2200000 a 4500
001 vtls010282590
003 SK-MaSNL
005 20260331205712.0
008 180809s2011 xo a a 000 0 slo
015 |a SNBA2012/04-02195 
020 |a 9788081073632  |q (brož.) 
040 |a SNK  |b slo  |c SNK  |e AACR2 
041 0 |a slo  |h eng 
044 |a xo  |c SK 
072 7 |a 821-93  |x Literatúra pre deti a mládež (beletria)  |2 konspekt 
080 |a 821-93  |2 2001 
080 |a (076.1)  |2 2001 
080 |a (084.1.029.2)  |2 2001 
100 1 |a Scollen, Chris  |4 ill  |9 327936 
240 1 0 |a My pretty pink sticker bag  |l Slovensky 
245 1 0 |a Moja krásna ružová kabelka plná samolepiek  |c [výtvarné spracovanie Chris Scollen a Charlotte Stratford ; preklad Mária Piskurová] 
250 |a 1. slov. vyd. 
260 |a Bratislava  |b Svojtka & Co.  |c 2011 
300 |a [40] s.  |b ilustr.  |c 28 cm  |e samolepky ([8] l.) 
500 |a Publikácia v tvare kabelky 
500 |a Listy so samolepkami všité na konci publikácie 
521 |a Pre deti od 3 rokov 
655 7 |a publikácie pre deti  |2 SNKPH  |9 70148 
655 7 |a pracovné zošity  |2 SNKPH  |9 70188 
655 7 |a samolepky  |2 SNKPH  |9 79151 
700 1 |a Stratford, Charlotte  |4 ill  |9 327937 
700 1 |a Piskurová, Mária  |4 trl  |9 313047 
919 |a 978-80-8107-363-2 
958 |a UP 
968 |b ENG  |d 0 
999 |c 577349  |d 579279 
952 |a SNK  |b SNK  |y PREZ  |7 0  |p 17A0704522  |o snkOSB 16285 D1  |i snk2011/12680  |8 0  |0 0  |1 0  |4 0  |d 2011-06-01  |l 0  |r 2026-02-23 14:38:00  |w 2026-02-23 
952 |a SNK  |b SNK  |y PREZ  |7 0  |p 17A0704523  |o snkOSB 16285  |i snk2011/12679  |8 0  |0 0  |1 0  |4 0  |d 2011-06-01  |l 0  |r 2026-02-23 14:38:00  |w 2026-02-23